[Event "AUTO-ADV-772"]
[Site "http://www.queenalice.com/game.php?id=338477"]
[Date "2008.1.18"]
[Round "1"]
[White "blobux"]
[Black "vininb"]
[Result "1-0"]
[WhiteElo "1936"]
[BlackElo "1843"]

1. e4 e5 2. Nf3 Nc6 3. d4 exd4 4. Nxd4 Bc5 5. Be3 Qf6 6. c3 d6 7. Bb5 Bd7 8. O-O
Nge7 9. Nxc6 Bxc6 10. Bxc6+ Nxc6 11. Bxc5 dxc5 12. f4 Rd8 13. Qe2 O-O 14. Nd2
Qd6 15. Nc4 Qd3 16. Qxd3 Rxd3 17. a4 Rfd8 18. Kf2 a6 19. a5 g6 20. Ke2 Nd4+ 21.
Kxd3 1-0

[Event "AUTO-MASTER-458"]
[Site "http://www.queenalice.com/game.php?id=345323"]
[Date "2008.1.30"]
[Round "1"]
[White "DenisDiaz"]
[Black "blobux"]
[Result "0-1"]
[WhiteElo "2018"]
[BlackElo "2149"]

1. e4 c5 2. Nf3 Nc6 3. c3 d5 4. exd5 Qxd5 5. d4 Nf6 6. h3 cxd4 7. Nxd4 Nxd4 8.
Qxd4 Qxd4 9. cxd4 Bd7 10. Bd3 Bc6 11. O-O Rd8 12. Be3 e6 13. Nc3 a6 14. a3 Be7
15. Rac1 Nd5 16. Nxd5 Bxd5 17. Rc3 Bc6 18. f3 Bf6 19. Be4 Kd7 20. Rfc1 Rc8 21.
Bxc6+ Rxc6 22. Rxc6 bxc6 23. Kf1 Rb8 24. b4 a5 25. Rb1 axb4 26. Rxb4 Rxb4 27.
axb4 Be7 28. Bd2 Kc7 29. Ke2 Kb6 30. Ke3 Kb5 31. g4 Bxb4 32. Bxb4 Kxb4 33. Ke4
f6 34. h4 Kc4 35. f4 f5+ 0-1

[Event "AUTO-MASTER-458"]
[Site "http://www.queenalice.com/game.php?id=345324"]
[Date "2008.1.30"]
[Round "1"]
[White "blobux"]
[Black "DenisDiaz"]
[Result "1-0"]
[WhiteElo "2138"]
[BlackElo "1998"]

1. e4 c5 2. c3 d6 3. d4 cxd4 4. cxd4 g6 5. Nc3 Bg7 6. Nf3 a6 7. Be2 Nf6 8. O-O
b5 9. Qb3 Bb7 10. a4 Nxe4 11. Nxe4 Bxe4 12. Ng5 d5 13. Nxe4 dxe4 14. axb5 Nd7
15. bxa6 O-O 16. Be3 Qb8 17. Qa3 Nb6 18. b4 Rd8 19. Rfd1 e6 20. b5 Bf8 21. Qa5
Rd5 22. Rac1 Bd6 23. h3 Ra7 24. Rc6 Bc7 25. Qc3 Kg7 26. Rc1 Bd6 27. Qd2 Rc7 28.
Bh6+ Kg8 29. Qc2 Rxc6 30. Qxc6 Be7 31. a7 Qd8 32. Qxb6 Qxb6 33. a8=Q+ Rd8 34.
Qxe4 Qxd4 35. Qxd4 1-0

[Event "AUTO-MASTER-467"]
[Site "http://www.queenalice.com/game.php?id=353088"]
[Date "2008.2.12"]
[Round "1"]
[White "TheBigSid"]
[Black "blobux"]
[Result "0-1"]
[WhiteElo "2032"]
[BlackElo "2083"]

1. d4 d5 2. c4 e6 3. e3 c5 4. Nf3 Nc6 5. Nc3 Nf6 6. Bd3 cxd4 7. exd4 dxc4 8.
Bxc4 Be7 9. Be3 O-O 10. O-O b6 11. Be2 Bb7 12. Qa4 Nd5 13. Rfd1 Bf6 14. Rac1 Qd6
15. a3 Rac8 16. b4 Rfd8 17. Qb3 Nxc3 18. Rxc3 Ne7 19. Rcd3 Be4 20. R3d2 Nd5 21.
Ng5 Bg6 22. Bf3 Rc3 23. Qb2 Rxe3 24. Bxd5 Bxg5 0-1

[Event "AUTO-MASTER-467"]
[Site "http://www.queenalice.com/game.php?id=353089"]
[Date "2008.2.12"]
[Round "1"]
[White "blobux"]
[Black "TheBigSid"]
[Result "1-0"]
[WhiteElo "2038"]
[BlackElo "2042"]

1. e4 e6 2. d4 d5 3. e5 c5 4. c3 Nc6 5. Nf3 a6 6. a3 b5 7. Bd3 c4 8. Bc2 a5 9.
O-O Bb7 10. Ng5 h6 11. Qh5 Qc7 12. Nxf7 1-0

[Event "AUTO-MASTER-467"]
[Site "http://www.queenalice.com/game.php?id=353102"]
[Date "2008.2.12"]
[Round "1"]
[White "joao"]
[Black "blobux"]
[Result "0-1"]
[WhiteElo "1960"]
[BlackElo "2148"]

1. e4 c5 2. Nf3 d6 3. c3 Nf6 4. d3 Nc6 5. Bg5 e6 6. Nbd2 Be7 7. Rc1 O-O 8. Be2
h6 9. Bh4 b5 10. O-O Qb6 11. a3 Bb7 12. b4 a5 13. Qb3 axb4 14. axb4 cxb4 15. c4
Ra3 16. Qb2 Rfa8 17. Qc2 Ra2 18. Qd1 R8a3 19. Nb1 Ra5 20. Nfd2 Nd4 21. Kh1 Nxe2
22. Qxe2 bxc4 23. Rxc4 Ba6 24. Rcc1 Qb5 25. Qd1 Qxd3 26. Nb3 Qxe4 27. Nxa5 Bxf1
28. Rc8+ Bf8 29. Qxf1 Qxh4 30. Nc6 Ng4 31. h3 Nxf2+ 0-1

[Event "AUTO-MASTER-467"]
[Site "http://www.queenalice.com/game.php?id=353103"]
[Date "2008.2.12"]
[Round "1"]
[White "blobux"]
[Black "joao"]
[Result "1-0"]
[WhiteElo "2150"]
[BlackElo "1973"]

1. e4 e5 2. Nf3 Nc6 3. d4 exd4 4. Nxd4 Ne5 5. f4 Ng6 6. Bc4 d6 7. O-O Nf6 8. Nc3
c6 9. Kh1 d5 10. exd5 b5 11. Nxc6 Qb6 12. Bxb5 Bd7 13. f5 1-0

[Event "AUTO-MASTER-467"]
[Site "http://www.queenalice.com/game.php?id=353110"]
[Date "2008.2.12"]
[Round "1"]
[White "Ribar"]
[Black "blobux"]
[Result "0-1"]
[WhiteElo "2021"]
[BlackElo "2125"]

1. c4 e6 2. Nc3 d5 3. e3 c5 4. cxd5 exd5 5. d4 Nf6 6. Nf3 Nc6 7. Bb5 Bd6 8. O-O
O-O 9. Bd2 a6 10. Ba4 c4 11. h3 b5 12. Bc2 b4 13. Ne2 Re8 14. Nh2 Ra7 15. f4
Rae7 16. Nf3 Ne4 17. Bxe4 Rxe4 18. Ne5 Nxe5 19. fxe5 Be7 20. Ng3 Rh4 21. Qf3 Rf8
22. Nf5 Bxf5 23. Qxf5 Qc8 24. Qf3 Qe6 25. Be1 Rh6 26. e4 Rd8 27. exd5 Qxd5 28.
Qxd5 Rxd5 29. Bf2 Rc6 30. a3 b3 31. Rac1 Bxa3 32. bxa3 c3 33. Be3 c2 34. Kf2 b2
35. Ke2 Rb5 36. Rxc2 Rxc2+ 37. Kd3 Rxg2 38. Rb1 Rb3+ 39. Ke4 Re2 40. d5 Rbxe3+
41. Kd4 Rxe5 42. Rxb2 Rxb2 43. Kxe5 Kf8 0-1

[Event "AUTO-MASTER-467"]
[Site "http://www.queenalice.com/game.php?id=353111"]
[Date "2008.2.12"]
[Round "1"]
[White "blobux"]
[Black "Ribar"]
[Result "1-0"]
[WhiteElo "2065"]
[BlackElo "1980"]

1. e4 c5 2. c3 Nf6 3. e5 Nd5 4. d4 cxd4 5. Nf3 e6 6. cxd4 Bb4+ 7. Nbd2 O-O 8.
Bd3 Nc6 9. O-O d6 10. Nc4 dxe5 11. dxe5 Qc7 12. Qe2 b5 13. Ncd2 a6 14. a4 Bxd2
15. Bxd2 bxa4 16. Rxa4 a5 17. Rc1 Qb7 18. Rh4 g6 19. Ng5 h5 20. g4 hxg4 21. Nh7
Kg7 22. Nxf8 Kxf8 23. Bg5 Ke8 24. Bb5 1-0

[Event "AUTO-ADV-772"]
[Site "http://www.queenalice.com/game.php?id=397144"]
[Date "2008.5.2"]
[Round "2"]
[White "blobux"]
[Black "razoman"]
[Result "1-0"]
[WhiteElo "2160"]
[BlackElo "1967"]

1. e4 c5 2. c3 a6 3. d4 cxd4 4. cxd4 Nc6 5. d5 Nb8 6. Nf3 g6 7. Bd2 Bg7 8. Bc3
Nf6 9. e5 Nh5 10. g4 Nf4 11. Qd4 Nxd5 12. Qxd5 O-O 13. Nbd2 Nc6 14. a4 d6 15.
Qe4 d5 16. Qf4 d4 17. Bxd4 Nxd4 18. Nxd4 Qd5 19. N4f3 Bd7 20. Bc4 Qc5 21. Rc1 e6
22. O-O Bc6 23. Ne4 Bxe4 24. Qxe4 Qb4 25. b3 b5 26. Bd5 Qxe4 27. Bxe4 Rab8 28.
a5 Rfd8 29. Rfd1 Rxd1+ 30. Rxd1 Bf8 31. Rd7 Bb4 32. Ra7 Bxa5 33. Rxa6 Bc3 34.
Ra8 Rxa8 35. Bxa8 b4 36. g5 Kg7 37. Kf1 h6 38. h4 hxg5 39. hxg5 Kf8 40. Ke2 Ke7
41. Bc6 Bb2 42. Kd3 Bc3 43. Ke4 Kd8 44. Nh2 Ke7 45. Ng4 Be1 46. f4 Bd2 47. Nf6
Bc3 48. Ne8 Bd2 49. Nd6 Bc3 50. Be8 f5+ 51. gxf6+ Kf8 52. Bxg6 1-0

[Event "AUTO-ADV-772"]
[Site "http://www.queenalice.com/game.php?id=397145"]
[Date "2008.5.2"]
[Round "2"]
[White "razoman"]
[Black "blobux"]
[Result "0-1"]
[WhiteElo "1965"]
[BlackElo "2154"]

1. e4 c5 2. c3 d5 3. e5 d4 4. d3 Nc6 5. Bf4 h6 6. h3 g5 7. Bh2 Bg7 8. Nf3 Qd5 9.
c4 Qe6 10. Qe2 g4 11. hxg4 Qxg4 12. Nbd2 e6 13. Ne4 b6 14. Nd6+ Kf8 15. Bg3 Nge7
16. Rh4 Qg6 17. Rf4 Nf5 18. Nh4 Nxh4 19. Rxh4 h5 20. Nxf7 Kxf7 21. Qf3+ Ke7 22.
Qxc6 Bd7 23. Qd6+ Ke8 24. Rf4 Qg5 25. Re4 h4 26. Bf4 Qd8 27. Rxd4 cxd4 28. Qxd4
Ba4 29. Qe3 Qe7 30. b3 Qb4+ 31. Kd1 Bc6 32. d4 Rd8 33. Kc2 Qf8 34. f3 Bh6 35.
Bxh6 Qxh6 36. Qxh6 Rxh6 37. Rd1 Rh7 38. Kc3 Rhd7 39. d5 exd5 40. cxd5 Rxd5 41.
Rxd5 Rxd5 42. e6 Bb5 43. Bc4 Bxc4 44. Kxc4 Rd2 0-1

[Event "AUTO-OPEN-973"]
[Site "http://www.queenalice.com/game.php?id=423084"]
[Date "2008.6.25"]
[Round "3"]
[White "MQueST"]
[Black "blobux"]
[Result "1-0"]
[WhiteElo "2213"]
[BlackElo "2169"]

1. d4 Nf6 2. c4 c5 3. d5 b5 4. b3 g6 5. Bb2 Bg7 6. e3 O-O 7. cxb5 a6 8. bxa6
Nxa6 9. Bc4 Bb7 10. f3 Nb4 11. e4 Rxa2 12. Rxa2 Nxa2 13. Ne2 d6 14. O-O Nb4 15.
Na3 Qb6 16. Nc2 Ra8 17. Nxb4 Qxb4 18. Bc3 Qb6 19. Qd3 Ra2 20. Ra1 Qa7 21. Rxa2
Qxa2 22. b4 Qa4 23. bxc5 dxc5 24. e5 Nd7 25. Bb5 Qa2 26. Bxd7 Ba6 27. Nc1 Qa3
28. Qd2 Bh6 29. Bb2 Qxf3 30. gxf3 Bxd2 31. Bc6 Bc4 32. Kf2 1-0

[Event "AUTO-OPEN-973"]
[Site "http://www.queenalice.com/game.php?id=423085"]
[Date "2008.6.25"]
[Round "3"]
[White "blobux"]
[Black "MQueST"]
[Result "1-0"]
[WhiteElo "2155"]
[BlackElo "2218"]

1. e4 c5 2. c3 Nf6 3. e5 Nd5 4. d4 cxd4 5. Nf3 Nc6 6. cxd4 d6 7. Bc4 Nb6 8. Bb3
d5 9. h3 Bf5 10. Nc3 e6 11. O-O Be7 12. Be3 Rc8 13. g4 Bg6 14. Ne1 h5 15. Ng2
hxg4 16. hxg4 Bb4 17. Ne2 Nc4 18. Bxc4 dxc4 19. Nef4 Bh7 20. a3 Ba5 21. b4 Bb6
22. Rc1 Nxd4 23. Qa4+ Kf8 24. Bxd4 Qxd4 25. Rcd1 Be4 26. Rxd4 Bxd4 27. Qd7 Ra8
28. Qxd4 1-0

[Event "AUTO-MASTER-467"]
[Site "http://www.queenalice.com/game.php?id=425192"]
[Date "2008.6.29"]
[Round "2"]
[White "Bruscato"]
[Black "blobux"]
[Result "0-1"]
[WhiteElo "2237"]
[BlackElo "2158"]

1. e4 c5 2. Nf3 Nc6 3. d3 g6 4. Bg5 Bg7 5. Nc3 d6 6. Be2 Nf6 7. O-O O-O 8. Qd2
Nd4 9. Nxd4 cxd4 10. Nd1 e5 11. f4 h6 12. Bxf6 Bxf6 13. f5 Bg5 14. Qb4 Qc7 15.
fxg6 fxg6 16. Qb3+ Kg7 17. Rxf8 Kxf8 18. c4 Be6 19. Nf2 Be3 20. Rf1 Kg7 21. a4
Rf8 22. Bf3 Rf7 23. Kh1 Bxf2 24. Rxf2 Qa5 25. Qd1 Bd7 26. b3 Qc3 27. Kg1 a5 28.
Rf1 Kf8 29. h3 Ke7 30. Kh2 Kd8 31. Rf2 Kc7 32. Kg1 Kb6 33. Kh2 Kc5 34. Ra2 b6
35. Qb1 Rf6 36. Rf2 h5 37. Rb2 Be8 38. Qc2 Qxc2 39. Rxc2 Kb4 40. Bd1 Rf1 41. Rc1
Ka3 42. g3 Kb2 43. Rc2+ Kb1 44. Rd2 Kc1 45. Be2 Kxd2 46. Bxf1 Kc2 0-1

[Event "AUTO-MASTER-467"]
[Site "http://www.queenalice.com/game.php?id=425193"]
[Date "2008.6.29"]
[Round "2"]
[White "blobux"]
[Black "Bruscato"]
[Result "0-1"]
[WhiteElo "2173"]
[BlackElo "2251"]

1. e4 e6 2. d4 d5 3. e5 f5 4. g4 fxg4 5. Qxg4 Ne7 6. Bd3 g6 7. Bg5 c5 8. dxc5
Bg7 9. Nf3 O-O 10. Nbd2 Nd7 11. Qxe6+ Rf7 12. Bxe7 Qxe7 13. Qxd5 Nxc5 14. Ng5
Nxd3+ 0-1

[Event "AUTO-MASTER-467"]
[Site "http://www.queenalice.com/game.php?id=425196"]
[Date "2008.6.29"]
[Round "2"]
[White "blobux"]
[Black "toninho89"]
[Result "0-1"]
[WhiteElo "2159"]
[BlackElo "2426"]

1. e4 c5 2. c3 Nf6 3. e5 Nd5 4. d4 cxd4 5. Qxd4 e6 6. Nf3 Nc6 7. Qe4 f5 8. Qe2
d6 9. Nbd2 Nf4 10. Qe3 Nd5 11. Qe2 Be7 12. g3 Nxe5 13. Nxe5 dxe5 14. Qxe5 O-O
15. Bg2 Bf6 16. Qe2 e5 17. O-O Be6 18. Nc4 e4 19. Ne3 Qb6 20. Nxd5 Bxd5 21. Be3
Qe6 22. Rfc1 Bc4 23. Qc2 b6 24. Bf1 Rac8 25. Bxc4 Rxc4 26. Rd1 Be5 27. Bd4 Bxd4
28. Rxd4 Rxd4 29. cxd4 Rc8 30. Qa4 Qd5 31. Rd1 a5 32. b4 b5 33. Qxa5 e3 0-1

[Event "AUTO-MASTER-467"]
[Site "http://www.queenalice.com/game.php?id=425197"]
[Date "2008.6.29"]
[Round "2"]
[White "toninho89"]
[Black "blobux"]
[Result "1-0"]
[WhiteElo "2430"]
[BlackElo "2163"]

1. d4 Nf6 2. c4 c5 3. d5 b5 4. cxb5 a6 5. bxa6 g6 6. Nc3 Bxa6 7. e4 Bxf1 8. Kxf1
d6 9. g3 Bg7 10. Kg2 O-O 11. Nf3 Nbd7 12. h3 Ra6 13. Re1 Qa8 14. Bf4 Rb8 15. Qd2
Rb4 16. Rac1 Ne8 17. Re2 Nc7 18. Bh6 Bh8 19. Qg5 Nf6 20. b3 Nb5 21. Nxb5 Rxb5
22. Qd2 Rba5 23. Rc2 Ne8 24. b4 cxb4 25. Qxb4 Rxa2 26. Rxa2 Rxa2 27. Rxa2 Qxa2
28. Qb7 Qa4 29. Qxe7 Bg7 30. Ng5 1-0